<?xml version="1.0" encoding="UTF-8"?>
<record
    xmlns:xsi="http://www.w3.org/2001/XMLSchema-instance"
    xsi:schemaLocation="http://www.loc.gov/MARC21/slim http://www.loc.gov/standards/marcxml/schema/MARC21slim.xsd"
    xmlns="http://www.loc.gov/MARC21/slim">

  <leader>00945nam a2200217Ia 4500</leader>
  <controlfield tag="003">OSt</controlfield>
  <controlfield tag="005">20260623093736.0</controlfield>
  <controlfield tag="008">210210b2004   xxu||||| |||| 00| 0 eng d</controlfield>
  <datafield tag="020" ind1=" " ind2=" ">
    <subfield code="a">81 88478 09 01</subfield>
  </datafield>
  <datafield tag="040" ind1=" " ind2=" ">
    <subfield code="c">AL</subfield>
  </datafield>
  <datafield tag="041" ind1=" " ind2=" ">
    <subfield code="a">Kannada</subfield>
  </datafield>
  <datafield tag="082" ind1=" " ind2=" ">
    <subfield code="a">792.028092K  RANG</subfield>
  </datafield>
  <datafield tag="100" ind1=" " ind2=" ">
    <subfield code="a">Manohara Grantha Mala</subfield>
    <subfield code="d">&#xCAE;&#xCA8;&#xCCB;&#xCB9;&#xCB0; &#xC97;&#xCCD;&#xCB0;&#xC82;&#xCA5; &#xCAE;&#xCBE;&#xCB2;&#xCBE;</subfield>
    <subfield code="9">265897</subfield>
  </datafield>
  <datafield tag="245" ind1=" " ind2=" ">
    <subfield code="a">RANGAKARMI B V Karanth.</subfield>
    <subfield code="b">&#xCB0;&#xC82;&#xC97;&#xC95;&#xCB0;&#xCCD;&#xCAE;&#xCBF; &#xCAC;&#xCBF;.&#xCB5;&#xCBF;. &#xC95;&#xCBE;&#xCB0;&#xC82;&#xCA4;</subfield>
  </datafield>
  <datafield tag="260" ind1=" " ind2=" ">
    <subfield code="a">Dharwad</subfield>
    <subfield code="b">Manohara Grantha Mala</subfield>
    <subfield code="c">2004</subfield>
  </datafield>
  <datafield tag="300" ind1=" " ind2=" ">
    <subfield code="a">vi,182</subfield>
  </datafield>
  <datafield tag="650" ind1=" " ind2=" ">
    <subfield code="a">&#xCAD;&#xCBE;&#xCB0;&#xCA4;&#xCC0;&#xCAF; &#xCB0;&#xC82;&#xC97;&#xCAD;&#xCC2;&#xCAE;&#xCBF; &#xCAE;&#xCA4;&#xCCD;&#xCA4;&#xCC1; &#xCB8;&#xCBF;&#xCA8;&#xCBF;&#xCAE;&#xCBE; &#xCB0;&#xC82;&#xC97;&#xCA6;&#xCB2;&#xCCD;&#xCB2;&#xCBF; &#xCB9;&#xCCA;&#xCB8; &#xC85;&#xCB2;&#xCC6;&#xCAF;&#xCA8;&#xCCD;&#xCA8;&#xCC1; &#xCB8;&#xCC3;&#xCB7;&#xCCD;&#xC9F;&#xCBF;&#xCB8;&#xCBF;&#xCA6; &#xCAC;&#xCBF;.&#xCB5;&#xCBF;. &#xC95;&#xCBE;&#xCB0;&#xC82;&#xCA4;  (&#xCAC;&#xCBE;&#xCAC;&#xCC1;&#xC95;&#xCCB;&#xCA1;&#xCBF; &#xCB5;&#xCC6;&#xC82;&#xC95;&#xC9F;&#xCB0;&#xCAE;&#xCA3; &#xC95;&#xCBE;&#xCB0;&#xC82;&#xCA4;)&#xCB0; &#xC9C;&#xCC0;&#xCB5;&#xCA8; &#xCAE;&#xCA4;&#xCCD;&#xCA4;&#xCC1; &#xCB8;&#xCBE;&#xCA7;&#xCA8;&#xCC6;.</subfield>
    <subfield code="9">265898</subfield>
  </datafield>
  <datafield tag="690" ind1=" " ind2=" ">
    <subfield code="a">Biography</subfield>
    <subfield code="9">265899</subfield>
  </datafield>
  <datafield tag="906" ind1=" " ind2=" ">
    <subfield code="a">059010</subfield>
  </datafield>
  <datafield tag="942" ind1=" " ind2=" ">
    <subfield code="2">ddc</subfield>
    <subfield code="c">BK</subfield>
  </datafield>
  <datafield tag="999" ind1=" " ind2=" ">
    <subfield code="c">106334</subfield>
    <subfield code="d">106334</subfield>
  </datafield>
  <datafield tag="952" ind1=" " ind2=" ">
    <subfield code="0">0</subfield>
    <subfield code="1">0</subfield>
    <subfield code="2">ddc</subfield>
    <subfield code="4">0</subfield>
    <subfield code="7">0</subfield>
    <subfield code="8">OTH</subfield>
    <subfield code="a">AL</subfield>
    <subfield code="b">AL</subfield>
    <subfield code="c">Fine Arts</subfield>
    <subfield code="d">2021-02-17</subfield>
    <subfield code="e">Athree Book Centre, Mangalore-01.</subfield>
    <subfield code="g">100.00</subfield>
    <subfield code="l">0</subfield>
    <subfield code="o">792.028092K  RANG</subfield>
    <subfield code="p">059010</subfield>
    <subfield code="r">2021-02-17 00:00:00</subfield>
    <subfield code="w">2021-02-17</subfield>
    <subfield code="y">BK</subfield>
  </datafield>
</record>
